[Event "Tilburg"]
[Site "Tilburg"]
[Date "1991.??.??"]
[Round "14"]
[White "Kortschnoj, Viktor Lvovich"]
[Black "Timman, Jan H"]
[Result "1-0"]
[WhiteElo "2610"]
[BlackElo "2630"]
[PlyCount "107"]
[EventDate "1991.10.??"]
[EventType "tourn"]
[EventRounds "14"]
[EventCountry "NED"]
[EventCategory "17"]
[SourceTitle "CBM 026"]
[Source "ChessBase"]
[SourceDate "1992.02.01"]
[SourceVersion "1"]
[SourceVersionDate "1992.02.01"]
[SourceQuality "1"]

1. d4 Nf6 2. c4 e6 3. Nc3 Bb4 4. Qc2 O-O 5. Nf3 c5 6. dxc5 Na6 7. g3 Nxc5 8.
Bg2 Nce4 9. Bd2 Nxd2 10. Nxd2 a6 11. O-O Qc7 12. Nce4 Nxe4 13. Nxe4 f5 14. Qb3
Be7 15. Nc3 Rb8 16. Rad1 Bf6 17. Rd3 b5 18. cxb5 axb5 19. Nxb5 Qe5 20. a4 Qxe2
21. Rb1 f4 22. Bf3 Qe5 23. g4 Rd8 24. Qd1 d5 25. Nd4 Qd6 26. b4 Bxd4 27. Rxd4
Bb7 28. b5 e5 29. Rd2 Qe6 30. Be4 d4 31. Bxb7 Rxb7 32. a5 e4 33. a6 e3 34. fxe3
Qxe3+ 35. Rf2 Rb6 36. Rb3 Qe4 37. Qf3 Qxf3 38. Rfxf3 g5 39. Rfd3 Kf7 40. Rb4
Ke6 41. Kf2 Rdb8 42. Rdxd4 Rxb5 43. Rxb5 Rxb5 44. Ra4 Rb8 45. Kf3 Ra8 46. a7
Kf6 47. Ke4 Kg6 48. h4 h6 49. hxg5 hxg5 50. Ra5 Kh6 51. Ra1 Kg6 52. Kd5 f3 53.
Kc6 Kf6 54. Ra5 1-0

[Event "Las Palmas"]
[Site "Las Palmas"]
[Date "1991.??.??"]
[Round "3"]
[White "Kortschnoj, Viktor Lvovich"]
[Black "Topalov, Veselin"]
[Result "1-0"]
[WhiteElo "2615"]
[BlackElo "2455"]
[PlyCount "87"]
[EventDate "1991.12.??"]
[EventType "tourn"]
[EventRounds "9"]
[EventCountry "ESP"]
[EventCategory "10"]
[SourceTitle "EXT 1997"]
[Source "ChessBase"]
[SourceDate "1996.11.15"]
[SourceVersion "1"]
[SourceVersionDate "1996.11.15"]
[SourceQuality "1"]

1. c4 Nf6 2. Nc3 c5 3. Nf3 e6 4. g3 Be7 5. Bg2 O-O 6. O-O a6 7. d4 cxd4 8. Qxd4
Qc7 9. Na4 Qa5 10. b3 Nc6 11. Qb6 Qh5 12. h3 Ne4 13. Qe3 f5 14. Nd2 d5 15. Nxe4
fxe4 16. Rb1 b5 17. g4 Qf7 18. Nb6 Rb8 19. Bb2 Bd6 20. cxd5 exd5 21. Nxd5 Bb7
22. Rbd1 Rbd8 23. Qxe4 Nb4 24. Nf6+ Qxf6 25. Bxf6 Bxe4 26. Bxd8 Bxg2 27. Rxd6
Bxf1 28. Kxf1 Nxa2 29. Ba5 Nc1 30. b4 Ra8 31. h4 Re8 32. Rd8 Rxd8 33. Bxd8 Nb3
34. e3 Nd2+ 35. Ke2 Nc4 36. Bc7 Kf7 37. Kd3 Ke6 38. Kd4 g6 39. Bg3 h5 40. gxh5
gxh5 41. e4 a5 42. bxa5 Nxa5 43. f4 Nb3+ 44. Ke3 1-0

[Event "Las Palmas"]
[Site "Las Palmas"]
[Date "1991.??.??"]
[Round "6"]
[White "Kortschnoj, Viktor Lvovich"]
[Black "Franco Ocampos, Zenon"]
[Result "1-0"]
[WhiteElo "2615"]
[BlackElo "2495"]
[PlyCount "65"]
[EventDate "1991.12.??"]
[EventType "tourn"]
[EventRounds "9"]
[EventCountry "ESP"]
[EventCategory "10"]
[SourceTitle "EXT 1997"]
[Source "ChessBase"]
[SourceDate "1996.11.15"]
[SourceVersion "1"]
[SourceVersionDate "1996.11.15"]
[SourceQuality "1"]

1. Nf3 c5 2. c4 Nf6 3. Nc3 d5 4. cxd5 Nxd5 5. d4 e6 6. e4 Nxc3 7. bxc3 cxd4 8.
cxd4 Nc6 9. Be2 Bb4+ 10. Bd2 Qa5 11. Rb1 Bxd2+ 12. Qxd2 Qxd2+ 13. Kxd2 Ke7 14.
Rhc1 Rd8 15. Ke3 Na5 16. Ne5 f6 17. Rc7+ Kf8 18. Nd3 Rd7 19. Rbc1 Nc6 20. Rxd7
Bxd7 21. Nc5 Bc8 22. Bb5 Nd8 23. f4 a6 24. Nd7+ Bxd7 25. Bxd7 Ke7 26. Bc8 b5
27. Rc7+ Kf8 28. e5 fxe5 29. fxe5 Rb8 30. d5 exd5 31. e6 Ke8 32. e7 Nf7 33. Bb7
1-0

[Event "Bern Training"]
[Site "Bern"]
[Date "1992.??.??"]
[Round "4"]
[White "Kortschnoj, Viktor Lvovich"]
[Black "Landenbergue, Claude"]
[Result "1-0"]
[WhiteElo "2585"]
[BlackElo "2410"]
[PlyCount "62"]
[EventDate "1992.??.??"]
[EventType "schev"]
[EventRounds "3"]
[EventCountry "SUI"]
[SourceTitle "CBM 030"]
[Source "ChessBase"]
[SourceDate "1992.10.01"]
[SourceVersion "1"]
[SourceVersionDate "1992.10.01"]
[SourceQuality "1"]

1. c4 Nf6 2. Nc3 g6 3. e4 d6 4. d4 Bg7 5. Be2 O-O 6. Nf3 e5 7. O-O Nbd7 8. Be3
c6 9. d5 c5 10. Rb1 h6 11. Ne1 Ne8 12. Qd2 Kh7 13. Nd3 Qe7 14. Kh1 f5 15. exf5
gxf5 16. f4 e4 17. Nf2 Ndf6 18. b4 b6 19. a4 Nc7 20. bxc5 bxc5 21. Rg1 Nce8 22.
Rb3 Rg8 23. Qd1 Bh8 24. g3 Ng7 25. Qb1 Re8 26. h3 h5 27. Rg2 Rg8 28. a5 Nge8
29. g4 Ng7 30. g5 Nd7 31. Ncxe4 fxe4 1-0

[Event "Bern Training"]
[Site "Bern"]
[Date "1992.??.??"]
[Round "5"]
[White "Franzoni, Giancarlo"]
[Black "Kortschnoj, Viktor Lvovich"]
[Result "0-1"]
[WhiteElo "2440"]
[BlackElo "2585"]
[PlyCount "116"]
[EventDate "1992.??.??"]
[EventType "schev"]
[EventRounds "3"]
[EventCountry "SUI"]
[SourceTitle "CBM 030"]
[Source "ChessBase"]
[SourceDate "1992.10.01"]
[SourceVersion "1"]
[SourceVersionDate "1992.10.01"]
[SourceQuality "1"]

1. e4 c5 2. Nc3 d6 3. Nge2 Nc6 4. d4 cxd4 5. Nxd4 Nf6 6. Nb3 g6 7. Be2 Bg7 8.
O-O O-O 9. Bg5 Be6 10. Kh1 a5 11. a4 Rc8 12. f4 Nb4 13. Nd4 Bc4 14. Ndb5 Bxb5
15. Bxb5 d5 16. exd5 Nfxd5 17. Nxd5 Nxd5 18. c3 Rc5 19. Qf3 Qc7 20. Rad1 e6 21.
Bh4 Qc8 22. Bf2 Rc7 23. Bg1 b6 24. Rxd5 exd5 25. Bxb6 Rb7 26. Ba6 Qc6 27. Bxb7
Qxb6 28. Bxd5 Qxb2 29. c4 Bf6 30. f5 g5 31. Qe4 Qb4 32. Bc6 Rd8 33. h3 Kg7 34.
Rb1 Qa3 35. Bd5 Qxa4 36. Rb7 Rd7 37. Rxd7 Qxd7 38. c5 a4 39. c6 Qd6 40. Kg1
Qc5+ 41. Kf1 a3 42. Bc4 Bc3 43. Bxf7 Kxf7 44. Qe6+ Kg7 45. Qd7+ Kh6 46. Qe6+
Kh5 47. Qe2+ g4 48. Qxg4+ Kh6 49. Qf4+ Kg7 50. Qc7+ Kf6 51. Qd8+ Kf7 52. c7
Qxf5+ 53. Ke2 Qe4+ 54. Kf2 Bd4+ 55. Kf1 a2 56. Qd7+ Kg6 57. Qd6+ Bf6 58. Qa6
a1=Q+ 0-1

[Event "Bern Training"]
[Site "Bern"]
[Date "1992.??.??"]
[Round "6"]
[White "Kortschnoj, Viktor Lvovich"]
[Black "Zueger, Beat"]
[Result "1-0"]
[WhiteElo "2585"]
[BlackElo "2420"]
[PlyCount "58"]
[EventDate "1992.??.??"]
[EventType "schev"]
[EventRounds "3"]
[EventCountry "SUI"]
[SourceTitle "CBM 030"]
[Source "ChessBase"]
[SourceDate "1992.10.01"]
[SourceVersion "1"]
[SourceVersionDate "1992.10.01"]
[SourceQuality "1"]

1. d4 Nf6 2. c4 g6 3. Nc3 Bg7 4. e4 d6 5. f3 O-O 6. Be3 c5 7. Nge2 Nc6 8. Qd2
a6 9. d5 Ne5 10. Ng3 Qa5 11. f4 Ned7 12. h3 Ne8 13. a4 b5 14. cxb5 Nc7 15. Kf2
Nb6 16. Be2 axb5 17. axb5 Qxa1 18. Rxa1 Rxa1 19. b4 cxb4 20. Nd1 Nca8 21. Qxb4
Bd7 22. Nc3 Rc8 23. e5 dxe5 24. fxe5 Bxe5 25. Nge4 Bf5 26. Qxe7 Nd7 27. g4 Rxc3
28. Nxc3 Bxc3 29. gxf5 Nf6 1-0

[Event "Mesa-A"]
[Site "Mesa"]
[Date "1992.??.??"]
[Round "?"]
[White "Kortschnoj, Viktor Lvovich"]
[Black "Romero Holmes, Alfonso"]
[Result "1-0"]
[WhiteElo "2585"]
[BlackElo "2490"]
[PlyCount "70"]
[EventDate "1992.??.??"]
[EventType "tourn"]
[EventRounds "9"]
[EventCountry "ESP"]
[EventCategory "11"]
[SourceTitle "EXT 2004"]
[Source "ChessBase"]
[SourceDate "2003.11.25"]
[SourceVersion "1"]
[SourceVersionDate "2003.11.25"]
[SourceQuality "1"]

1. d4 Nf6 2. c4 g6 3. Nc3 Bg7 4. e4 d6 5. Be2 O-O 6. Nf3 Bg4 7. Be3 Nfd7 8. Rc1
e5 9. d5 f5 10. b4 f4 11. Bd2 c5 12. dxc6 Nxc6 13. Nb5 Rf6 14. Bc3 Nf8 15. Qd5+
Kh8 16. Rd1 Bxf3 17. Bxf3 Qb6 18. a4 a5 19. c5 dxc5 20. bxc5 Qd8 21. Qxd8 Rxd8
22. Rxd8 Nxd8 23. Bxe5 Rc6 24. Bd6 Nd7 25. Ke2 Ne6 26. e5 Rxc5 27. Bxc5 Ndxc5
28. Bd5 Bxe5 29. Bxe6 Nxe6 30. Rd1 b6 31. Rd5 Bb2 32. Rd6 Nc5 33. Rxb6 Nxa4 34.
Ra6 Kg7 35. Rxa5 Nb6 1-0

[Event "Oviedo rapid45"]
[Site "Oviedo"]
[Date "1992.??.??"]
[Round "4"]
[White "Gil Gonzalez, Jose Manuel"]
[Black "Kortschnoj, Viktor Lvovich"]
[Result "0-1"]
[WhiteElo "2375"]
[BlackElo "2585"]
[PlyCount "65"]
[EventDate "1992.??.??"]
[EventType "swiss (rapid)"]
[EventRounds "11"]
[EventCountry "ESP"]
[SourceTitle "TD"]
[Source "ChessBase"]
[SourceDate "1994.03.01"]
[SourceVersion "1"]
[SourceVersionDate "1994.03.01"]
[SourceQuality "1"]

1. e4 e6 2. Qe2 d5 3. d3 c5 4. g3 Nc6 5. c3 Nf6 6. Bg2 dxe4 7. dxe4 Ne5 8. Na3
Nd3+ 9. Kf1 e5 10. Bg5 Be6 11. Bh3 Bxh3+ 12. Nxh3 Qd7 13. Kg2 b5 {[#]} 14. Bxf6
$2 gxf6 15. c4 a6 16. Rad1 O-O-O 17. b3 h5 18. Qf3 h4 19. Qf5 Qxf5 20. exf5
hxg3 21. hxg3 b4 22. Nc2 Bh6 23. Ne1 Nxe1+ 24. Rhxe1 Bd2 25. Re2 Bc3 26. Rh1 a5
27. f3 Bd4 28. Nf2 Bxf2 29. Rxh8 Rxh8 30. Kxf2 Kc7 31. Ke3 Rh1 32. Rd2 Re1+ 33.
Re2 0-1

[Event "Roquebrune rapid"]
[Site "Roquebrune"]
[Date "1992.??.??"]
[Round "9"]
[White "Kortschnoj, Viktor Lvovich"]
[Black "Piket, Jeroen"]
[Result "1-0"]
[WhiteElo "2585"]
[BlackElo "2615"]
[PlyCount "55"]
[EventDate "1992.02.??"]
[EventType "tourn (rapid)"]
[EventRounds "22"]
[EventCountry "FRA"]
[EventCategory "15"]
[SourceTitle "CBM 028"]
[Source "ChessBase"]
[SourceDate "1992.06.01"]
[SourceVersion "1"]
[SourceVersionDate "1992.06.01"]
[SourceQuality "1"]

1. d4 Nf6 2. c4 g6 3. Nc3 Bg7 4. e4 d6 5. f3 O-O 6. Be3 e5 7. Nge2 c6 8. Qb3
Nbd7 9. O-O-O Qa5 10. Kb1 a6 11. dxe5 dxe5 12. Nc1 b5 13. Qc2 Re8 14. Nb3 Qd8
15. Be2 Rb8 16. Rd2 Bf8 17. Rhd1 bxc4 18. Bxc4 Qc7 19. Na4 Rb4 20. Nc1 Kg7 21.
Nd3 Rb8 22. Bb3 Rb5 23. Rc1 c5 24. Naxc5 Nxc5 25. Nxc5 Qa5 26. Rd3 Re7 27. Bd2
Qb6 28. Na4 1-0

[Event "Roquebrune rapid"]
[Site "Roquebrune"]
[Date "1992.??.??"]
[Round "12"]
[White "Kortschnoj, Viktor Lvovich"]
[Black "Polugaevsky, Lev"]
[Result "1-0"]
[WhiteElo "2585"]
[BlackElo "2630"]
[PlyCount "133"]
[EventDate "1992.02.??"]
[EventType "tourn (rapid)"]
[EventRounds "22"]
[EventCountry "FRA"]
[EventCategory "15"]
[SourceTitle "CBM 028"]
[Source "ChessBase"]
[SourceDate "1992.06.01"]
[SourceVersion "1"]
[SourceVersionDate "1992.06.01"]
[SourceQuality "1"]

1. d4 Nf6 2. c4 e6 3. Nf3 b6 4. g3 Ba6 5. Nbd2 Bb7 6. Bg2 c5 7. d5 exd5 8. Nh4
Qe7 9. O-O g6 10. cxd5 Nxd5 11. Ne4 Bc6 12. b4 Bg7 13. bxc5 O-O 14. Rb1 bxc5
15. Ba3 d6 16. Qd2 Nd7 17. Nxd6 Qxd6 18. e4 N7b6 19. exd5 Bxd5 20. Rbc1 Rac8
21. Rfd1 Rfd8 22. Qa5 Qe6 23. Re1 Qf6 24. Bxc5 Bxg2 25. Nxg2 Rd5 26. Ne3 Rh5
27. Qb4 Qb2 28. a3 Nd7 29. Bd4 Qxb4 30. Rxc8+ Qf8 31. Rxf8+ Bxf8 32. Nc4 a6 33.
Re8 Rd5 34. Be3 Kg7 35. Ra8 Nc5 36. Kg2 Be7 37. Ra7 Bf6 38. Bxc5 Rxc5 39. Nd6
Kg8 40. Rxa6 Be5 41. a4 Rc2 42. Nb5 Rb2 43. Kf3 h5 44. h3 Rb4 45. Ke3 Kg7 46.
Ra7 h4 47. g4 g5 48. Kd3 Rb3+ 49. Ke4 Bf4 50. Nd4 Rxh3 51. Nf5+ Kg6 52. Ne7+
Kg7 53. Nf5+ Kg6 54. Ra6+ Kh7 55. Rf6 Ra3 56. Rxf7+ Kg8 57. Ra7 h3 58. Ne7+ Kf7
59. Nd5+ Kg6 60. Nxf4+ gxf4 61. Ra5 h2 62. Rh5 Rxa4+ 63. Kf3 Kf6 64. Rxh2 Ra3+
65. Kxf4 Ra4+ 66. Kg3 Kg5 67. Rh5+ 1-0

[Event "Roquebrune rapid"]
[Site "Roquebrune"]
[Date "1992.??.??"]
[Round "19"]
[White "Kortschnoj, Viktor Lvovich"]
[Black "Ljubojevic, Ljubomir"]
[Result "1-0"]
[WhiteElo "2585"]
[BlackElo "2610"]
[Annotator "Knaak,R"]
[PlyCount "101"]
[EventDate "1992.02.??"]
[EventType "tourn (rapid)"]
[EventRounds "22"]
[EventCountry "FRA"]
[EventCategory "15"]
[SourceTitle "CBM 028"]
[Source "ChessBase"]
[SourceDate "1992.06.01"]
[SourceVersion "1"]
[SourceVersionDate "1992.06.01"]
[SourceQuality "1"]

1. d4 Nf6 2. c4 g6 3. Nc3 Bg7 4. e4 d6 5. f3 c5 6. dxc5 dxc5 7. Qxd8+ Kxd8 8.
e5 $5 (8. Be3 Nfd7 9. Nge2 {+/=/=}) 8... Nfd7 9. f4 f6 10. Nf3 $1 {N} fxe5 $6 (
10... Na6 11. exf6 exf6 12. Be3 $14) (10... Nc6 11. Be3 fxe5 12. Ng5 exf4 $13)
11. Ng5 Ke8 12. Ne6 Na6 13. Nxg7+ Kf7 14. Nh5 $1 gxh5 15. Be2 $16 exf4 16.
Bxh5+ Kg7 17. Bxf4 Nf6 18. Be5 Nb4 19. O-O-O Bf5 20. g4 Bg6 21. Rd7 Rhe8 22.
Bxf6+ Kxf6 23. Rxb7 Nd3+ 24. Kd2 Ne5 25. Nd5+ Kg5 26. h4+ Kh6 27. Bxg6 hxg6 28.
g5+ Kh5 29. Kc3 (29. Rxe7 $1 Rxe7 (29... Nf3+ 30. Kc3 Nxh4 31. Nf6+ $18) 30.
Nf6#) 29... Kg4 30. Re1 Nf3 31. Re4+ Kg3 32. Rbxe7 Rxe7 33. Nxe7 Nxh4 34. Re5
Rd8 35. Rxc5 Rd7 36. Nc6 Rc7 37. b4 Kf4 38. a4 Nf3 39. Nd4 Rxc5 40. Ne6+ Kf5
41. Nxc5 Nxg5 42. b5 Nf7 43. a5 Nd6 44. b6 axb6 45. axb6 g5 46. Nd3 g4 47. c5
g3 48. Ne1 Ne4+ 49. Kd4 Nf6 50. b7 Nd7 51. c6 1-0

[Event "Roquebrune rapid"]
[Site "Roquebrune"]
[Date "1992.??.??"]
[Round "22"]
[White "Speelman, Jonathan S"]
[Black "Kortschnoj, Viktor Lvovich"]
[Result "0-1"]
[WhiteElo "2630"]
[BlackElo "2585"]
[PlyCount "106"]
[EventDate "1992.02.??"]
[EventType "tourn (rapid)"]
[EventRounds "22"]
[EventCountry "FRA"]
[EventCategory "15"]
[SourceTitle "CBM 028"]
[Source "ChessBase"]
[SourceDate "1992.06.01"]
[SourceVersion "1"]
[SourceVersionDate "1992.06.01"]
[SourceQuality "1"]

1. d4 Nf6 2. c4 e6 3. Nc3 Bb4 4. e3 b6 5. Nge2 Ne4 6. Bd2 Nxd2 7. Qxd2 d5 8. a3
Be7 9. cxd5 exd5 10. Nf4 c6 11. Bd3 O-O 12. Nce2 Bd6 13. h4 Re8 14. Qc2 h6 15.
h5 Bxf4 16. Nxf4 Qd6 17. O-O Nd7 18. Rfc1 Bb7 19. b4 Nf6 20. Qb3 Bc8 21. Rc3
Bd7 22. Rac1 b5 23. Qc2 Re7 24. Rxc6 Bxc6 25. Qxc6 Qxc6 26. Rxc6 a6 27. Bf5 Kf8
28. g4 Raa7 29. Rc8+ Re8 30. Rc5 Rb8 31. Kg2 a5 32. Nxd5 Nxd5 33. Rxd5 axb4 34.
axb4 Ra4 35. Rd7 Ke8 36. Rc7 Rxb4 37. Be4 Rc4 38. Ra7 b4 39. Bd5 Rc3 40. Bxf7+
Kd8 41. Bg6 Rc7 42. Ra5 b3 43. Rf5 Rc6 44. Rf8+ Kc7 45. Rf7+ Kb6 46. Rxg7 Rxg6
47. Rxg6+ Ka5 48. Rxh6 b2 49. Re6 b1=Q 50. h6 Kb4 51. g5 Qf5 52. Re5 Qg4+ 53.
Kh2 Rf8 0-1

[Event "Beersheba"]
[Site "Beersheba"]
[Date "1992.??.??"]
[Round "1"]
[White "Kortschnoj, Viktor Lvovich"]
[Black "Alterman, Boris"]
[Result "1-0"]
[WhiteElo "2585"]
[BlackElo "2515"]
[Annotator "Stohl,I"]
[PlyCount "61"]
[EventDate "1992.03.??"]
[EventType "schev"]
[EventRounds "3"]
[EventCountry "ISR"]
[SourceTitle "CBM 030"]
[Source "ChessBase"]
[SourceDate "1992.10.01"]
[SourceVersion "1"]
[SourceVersionDate "1992.10.01"]
[SourceQuality "1"]

1. d4 Nf6 2. c4 c5 3. d5 b5 4. cxb5 a6 5. f3 g6 (5... e6 6. e4 exd5 7. e5 Qe7
8. Qe2 Ng8 9. Nc3 Bb7 10. Nh3 c4 11. Be3 $1 axb5 12. O-O-O b4 {N} (12... Qxe5
13. f4 Qe7 14. Rxd5 $1 d6 15. Rxb5 Nf6 16. Qd2 $16 {Dlugy,M-Alburt,L,USA-ch
m-CBM 25}) 13. Nb5 (13. Nxd5 $36) 13... Qxe5 14. Re1 (14. Nc7+ $5 $16) 14... d6
15. Nc7+ Kd7 16. Nxa8 Bxa8 17. Qd1 $1 Bc6 18. Bg5 (18. Ba7 $18) 18... Qf5 19.
g4 Qg6 20. Qd4 $40 {Lobron,E-Kuntz,P,Cannes op 1992}) 6. e4 d6 7. Nc3 (7. Na3
$5 {/\Ne2-c3}) 7... Bg7 8. Bg5 $5 (8. a4 O-O 9. Ra3 axb5 (9... e6 $142 $132)
10. Bxb5 Ba6 11. Nge2 Bxb5 12. Nxb5 Na6 13. O-O Nc7 14. Nec3 Nd7 15. Kh1 Nb6
16. b3 Nxb5 17. Nxb5 Qd7 18. Ra2 Rfb8 19. Rff2 $14 {Anand,V-Adams,M,Roquebrune
rapid 1992-CBM 28}) 8... O-O 9. a4 h6 10. Be3 {N} (10. Bd2 $6 e6 11. Bc4 axb5
12. Bxb5 exd5 13. exd5 Na6 14. Nge2 Nc7 $146 {Subasic,I-Tesic,D,JUG-ch 1991-TD
91_07}) 10... e6 (10... axb5 11. Bxb5 Ba6 12. Nge2 $14) 11. dxe6 Bxe6 (11...
fxe6 12. e5 dxe5 13. Bxc5 $16) 12. Nge2 {/\Nf4,Bc4><d5} d5 $6 (12... axb5 $142
13. Nxb5 d5 14. Bxc5 dxe4 $5 15. Bxf8 Qxf8 $132) 13. Bxc5 Re8 14. Nf4 $1 Nbd7
15. Be3 dxe4 16. Nxe6 Rxe6 17. Bc4 Re8 18. f4 $16 Qc7 (18... axb5 19. Bxb5 $16)
(18... Qc8 $5 19. Be2 $16 (19. Qe2 Ng4 $132)) 19. Qe2 Rac8 (19... Ng4 20. Nd5
Qc8 21. Rc1 Nxe3 22. Nxe3 $16 {/\Bf7,ba6}) 20. Ba2 axb5 21. axb5 Nc5 22. O-O
Qb7 (22... Nd3 {/\Nb2} 23. b6 $16) (22... h5 $142 23. Nd5 $16) 23. g4 $1 $40
Red8 (23... h5 24. f5 $1 $18) 24. g5 Ne8 25. f5 $18 {->} gxf5 26. Rxf5 {><c5,f7
} Ne6 $8 27. g6 Nd6 28. gxf7+ Kh8 29. Bxe6 Nxf5 30. Bxf5 Ra8 31. Rf1 (31. Rf1
Qxf7 32. Bxe4 $18 {[Stohl]}) 1-0

[Event "Olympiad-30"]
[Site "Manila"]
[Date "1992.06.17"]
[Round "9.1"]
[White "Kortschnoj, Viktor Lvovich"]
[Black "Zapata, Alonso"]
[Result "1-0"]
[WhiteElo "2585"]
[BlackElo "2515"]
[PlyCount "98"]
[EventDate "1992.06.08"]
[EventType "team-swiss"]
[EventRounds "14"]
[EventCountry "PHI"]
[SourceTitle "TD"]
[Source "ChessBase"]
[SourceDate "1994.03.01"]
[SourceVersion "1"]
[SourceVersionDate "1994.03.01"]
[SourceQuality "1"]
[WhiteTeam "Switzerland"]
[BlackTeam "Colombia"]
[WhiteTeamCountry "SUI"]
[BlackTeamCountry "COL"]

1. Nf3 Nf6 2. c4 g6 3. Nc3 Bg7 4. e4 d6 5. d4 O-O 6. Be2 e5 7. O-O Nbd7 8. Be3
Ng4 9. Bg5 f6 10. Bh4 h5 11. dxe5 dxe5 12. Qd5+ Kh7 13. Rad1 Qe7 14. h3 Nh6 15.
Qa5 c6 16. Rd2 Nf7 17. b4 Bh6 18. Rdd1 Re8 19. Rfe1 Nf8 20. b5 g5 21. Bg3 Ne6
22. bxc6 bxc6 23. Nd2 h4 24. Bh2 Bf8 25. Nb3 Qb4 26. Qa4 Qxa4 27. Nxa4 Bb4 28.
Bh5 Re7 29. Re3 Nfd8 30. Bg4 Rb8 31. Kh1 Nb7 32. Rb1 Bd6 33. Ree1 Bc7 34. f3
Nd6 35. Rec1 Rb4 36. Nb2 a5 37. Bg1 a4 38. Nd2 Nf4 39. c5 Nb5 40. Bxc8 Na3 41.
Nbc4 Nxb1 42. Rxb1 Rxb1 43. Nxb1 Ne2 44. Nbd2 Bb8 45. a3 Ra7 46. Be3 Kg7 47.
Kh2 Kf8 48. Nd6 Nd4 49. Bb7 Nc2 1-0

[Event "Biel"]
[Site "Biel"]
[Date "1992.??.??"]
[Round "12"]
[White "Kortschnoj, Viktor Lvovich"]
[Black "Miles, Anthony John"]
[Result "1-0"]
[WhiteElo "2575"]
[BlackElo "2595"]
[Annotator "Blatny,P"]
[PlyCount "85"]
[EventDate "1992.07.??"]
[EventType "tourn"]
[EventRounds "14"]
[EventCountry "SUI"]
[EventCategory "16"]
[SourceTitle "CBM 031"]
[Source "ChessBase"]
[SourceDate "1992.12.01"]
[SourceVersion "1"]
[SourceVersionDate "1992.12.01"]
[SourceQuality "1"]

1. e4 {Hansen,Cu} Nf6 2. e5 Nd5 3. c4 Nb6 4. d4 d6 5. exd6 exd6 6. Nc3 Be7 7.
Qf3 $5 {><d5, /\0-0-0} (7. Bd3 {Hansen,Cu} Nc6 8. Nge2 Bg4 (8... O-O 9. b3 a5
10. Be3 Nb4 11. d5 c6 $15 {Paulsen-Ruehrig BL 1981}) 9. Be3 (9. f3 Bh5 10. O-O
Bg6 11. b3 a5 12. Be3 Nb4 13. Bxg6 hxg6 14. Qd2 O-O 15. d5 $14 {Rogers-Varga
Budapest 1991}) 9... Bh5 10. O-O O-O 11. a3 Bf6 12. Qc2 Bg6 $10 {
Niemzowitch-Kmoch Semmering 1926}) (7. Be3 {Hansen,Cu} Nc6 (7... O-O 8. Bd3 Nc6
9. Nge2 Nb4 10. a3 Nxd3+ 11. Qxd3 d5 12. c5 Nc4 13. Bc1 c6 14. O-O b6 $15 {
Abendroth-Haakert BL 1981}) 8. Rc1 O-O 9. h4 Bf6 10. g4 Re8 11. Be2 Bxg4 12.
Bxg4 Nxc4 $17 {Suttles-Kortjnoj Sousse izt 1967}) (7. h3 {Hansen,Cu} Nc6 (7...
O-O 8. Nf3 Re8 9. Be2 Bf5 10. O-O N8d7 11. Bf4 Nf8 12. b3 Ng6 $132 {
Serper-Dreev USSR 1986 (inf. 41/(109))}) 8. Nf3 Bf5 9. Bf4 (9. d5 Ne5 10. Nd4
Bd7 11. b3 O-O 12. Be2 Bf6 13. Bb2 Re8 14. O-O Ng6 $132 {Jurasin-Fleck BL 1984}
) 9... O-O 10. Be2 Bf6 11. O-O Re8 $10 {Meyer-Fleck BL 1982}) (7. Nf3 {Hansen,
Cu} Bg4 8. Be2 Nc6 9. d5 Bxf3 10. Bxf3 Ne5 11. Be2 O-O 12. b3 Bf6 13. Bb2 Ng6
14. O-O Nd7 15. g3 $14 {Dvoiris-Kengis Barnaul 1988}) 7... Nc6 (7... N6d7 $5 {
Hansen,Cu} 8. Be3 Nf6 $13) 8. Be3 O-O (8... Be6 $5 9. d5 $140 Ne5 10. Qg3 Bf5
$13 11. Qxg7 $2 Bf6 {/\Nbxc4-/+}) 9. O-O-O f5 $6 (9... Be6 $142 10. c5 (10. d5
Ne5 $15) 10... Nd7 (10... dxc5 11. d5 $36)) (9... Bf6 {Hansen,Cu} 10. c5) 10.
g3 f4 $2 11. gxf4 Bf5 12. c5 $1 $16 Nd7 13. Bh3 $1 Kh8 14. d5 {()} Ncb8 (14...
Nb4 $2 15. Bxf5 Rxf5 16. Qe4 $18) (14... Na5 15. Bxf5 Rxf5 16. Qe4 Qf8 17. b4
$18) 15. cxd6 cxd6 {/^d8-a5} 16. Bxf5 Rxf5 17. Nge2 {/\Nd4-e6} Rf7 (17... Qa5
$6 18. Qe4 Rf7 19. Qe6 Kg8 $8 20. Nd4 {/\Nf5+-}) 18. Rhg1 (18. Nd4 $16 {
Hansen,Cu}) 18... Na6 19. Qh5 (19. Nd4 $5 Rc8 20. Ne6 Qe8 21. Kb1 Ne5 $5 22.
Qh3 Nc4 23. Bd4 Bf6 24. Bxf6 gxf6 25. Qh6 $18) 19... Qe8 20. Nd4 {><e6} Rc8 21.
Kb1 Nac5 (21... Nf6 $5 {Hansen,Cu /\} 22. Qh3 Rxc3 23. bxc3 Nxd5 $14) 22. Ne6
Nf6 23. Qh3 Nfe4 (23... Nxe6 $2 24. dxe6 Rf8 25. Rg5 {/\Rdg1+-}) 24. Bd4 Bf6
25. Nxe4 Nxe4 26. Qe3 $1 Bxd4 (26... Nc5 27. Bxf6 gxf6 28. f5 $18 (28. Rd4 $16
{Hansen,Cu})) 27. Qxd4 Nf6 28. Nxg7 $1 $18 (28. Rxg7 $2 {Hansen,Cu} Rxg7 29.
Qxf6 Qg6+ $17) (28. Rde1 {Hansen,Cu} Re7) (28. Rg3 $16 {Hansen,Cu}) 28... Qe4+
(28... Rxg7 29. Qxf6 Qf8 30. Qd4 $18) 29. Qxe4 Nxe4 30. Ne6 Rf5 (30... Nxf2 31.
Rd4 $1 {פf2} Rg8 (31... Nh3 32. Rg3 Nf2 33. h3 $1 {/\Rf3+-}) 32. Rxg8+ Kxg8
33. Rc4 $18) 31. f3 Nf2 (31... Nf6 32. Rg5 $18) (31... Nc5 {Hansen,Cu} 32. Rg5
Rf7 33. f5 $18) 32. Rd2 Nh3 33. Rg4 h5 34. Rh4 Ng1 35. Ng5 Re8 (35... Kg7 36.
Rg2 $18) 36. Rxh5+ Kg8 37. Rg2 Re1+ 38. Kc2 Re2+ 39. Rxe2 Nxe2 40. Ne4 $1 Rxf4
(40... Rxh5 {Hansen,Cu} 41. Nf6+ Kf7 42. Nxh5 Kg6 43. Kd2 Ng1 44. Ng3 Nxf3+ 45.
Ke3 Nxh2 46. Ne4 $18) 41. Kd2 Nd4 (41... Ng1 {Hansen,Cu} 42. Rg5+ $18) 42. Ke3
Rf5 43. Kxd4 (43. Kxd4 Rxh5 44. Nf6+ $18) 1-0